00402nam a2200133Ia 450000500170000000800410001702000150005808200130007310000140008624500440010026000560014430000130020050000550021320250626021225.0240331s9999 xx 000 0 und d a9559588303 bADAa352 aAdagama.M 0aSri Lankawe gamsabha kramaye ithihasaya aDivulapitiyabSaraswati Publishing & Printersc1997 a197 p ., aHistory of the Village Council System in Sri Lanka